LEADER 01107nam a2200277 i 4500 001 991000342489707536 005 20020506125427.0 008 990215s1988 it ||| | ita 020 $a882071664X 035 $ab10686939-39ule_inst 035 $aEXGIL143788$9ExL 040 $aDip.to Filol. Ling. e Lett.$bita 082 0 $a338.1094562 100 1 $aCortonesi, Alfio$0133516 245 10$aTerre e signori nel Lazio medioevale :$bun'economia rurale nei secoli 13.-14. /$cAlfio Cortonesi ; presentazione di Giovanni Cherubini 260 $a[Napoli] :$bLiguori,$c1988 300 $a282 p., [1] c. di tav. ;$c22 cm. 490 0 $aBiblioteca. Nuovo Medioevo ;$v35 650 4$aEconomia agraria$zLazio$ySec. 13.-14. 650 4$aProprietà agraria$zLazio$ySec. 13.-14. 907 $a.b10686939$b23-02-17$c28-06-02 912 $a991000342489707536 945 $aLE008 Ist. Glott. X i 36$g1$iLE008A-0858$lle008$o-$pE0.00$q-$rl$s- $t0$u0$v0$w0$x0$y.i10780816$z28-06-02 996 $aTerre e signori nel Lazio medioevale$9132385 997 $aUNISALENTO 998 $ale008$b01-01-99$cm$da $e-$fita$git $h0$i1